Normal view
MARC view
- الشعر الغزلي العربي - تاريخ ونقد - العصر الجاهلي
Entry Topical Term
001 - CONTROL NUMBER
- control field: 24898
003 - CONTROL NUMBER IDENTIFIER
- control field: JO-AjAnu
005 - DATE AND TIME OF LATEST TRANSACTION
- control field: 20230606074248.0
008 - FIXED-LENGTH DATA ELEMENTS
- fixed length control field: 230606|| aca||aabn | a|a d
040 ## - CATALOGING SOURCE
- Original cataloging agency: JO-AjAnu
- Transcribing agency: JO-AjAnu
150 ## - HEADING--TOPICAL TERM
- Topical term or geographic name entry element: الشعر الغزلي العربي - تاريخ ونقد - العصر الجاهلي
670 ## - SOURCE DATA FOUND
- Source citation: Work cat.: (JO-AjAnu)12809: دراسة وتعليق عبد الغني،يسري, author 24897, ديوان قيس بن الملوح مجنون ليلى: رواية أبي بكر الوالبي